| 000 | 00891nam a22002657a 4500 | ||
|---|---|---|---|
| 005 | 20170123162347.0 | ||
| 010 | _aB-080790 | ||
| 020 |
_c80.00 _a8188498076 |
||
| 035 | _aB-080790 | ||
| 037 | _bCen Lib/Ret | ||
| 040 |
_aDPL _bUR |
||
| 082 |
_a909.917671 _bز ا ہ |
||
| 100 |
_aزاہد حسین انجم _9134388 |
||
| 245 |
_aاسلامیستان / _cزاہد حسین انجم |
||
| 246 |
_aIslamistan / _bby Zahid Husain Anjum |
||
| 260 |
_a دہلی _bبسمہ کتاب گھر _c2003 |
||
| 270 |
_a١٩٥٥، ترماں گیٹ _b دہلی _e110006 |
||
| 300 |
_a184p. _c21cm(Hb) |
||
| 500 | _aکتابیات | ||
| 650 |
_aاسلامی كنٹريج - مسكللانا. _9134389 |
||
| 650 |
_aالمنےس. _9134390 |
||
| 650 |
_aIslamic countries -- Miscellanea. _9134391 |
||
| 650 |
_aAlmanacs. _9134392 |
||
| 942 |
_2ddc _cUR _h909.917671 _mز ا ہ |
||
| 999 |
_c108988 _d108988 |
||